Catálogo
 En Linea

El pensamiento constitucional de Duarte / (Registro nro. 28484)

Detalles MARC
000 -CABECERA
campo de control de longitud fija 00560nam a2200169 a 4500
001 - NÚMERO DE CONTROL
campo de control 000028992
005 - FECHA Y HORA DE LA ÚLTIMA TRANSACCIÓN
campo de control 20200930055249.0
008 - DATOS DE LONGITUD FIJA--INFORMACIÓN GENERAL
campo de control de longitud fija 110412s1998 dr 000 0 spa d
040 ## - FUENTE DE LA CATALOGACIÓN
Centro catalogador/agencia de origen DO-SdBNP
Lengua de catalogación spa
Centro/agencia transcriptor BNPHU
082 ## - NÚMERO DE LA CLASIFICACIÓN DECIMAL DEWEY
Número de clasificación xxxx
Número de documento/Ítem N127h
049 ## - FONDOS LOCALES (OCLC)
Fondos de biblioteca BNPD
100 1# - ENTRADA PRINCIPAL--NOMBRE DE PERSONA
Nombre de persona Nadal Salas, Pablo
9 (RLIN) 5154
245 13 - MENCIÓN DE TÍTULO
Título El pensamiento constitucional de Duarte /
Mención de responsabilidad, etc. Pablo Nadal Salas.
260 ## - PUBLICACIÓN, DISTRIBUCIÓN, ETC.
Lugar de publicación, distribución, etc. Santo Domingo :
Nombre del editor, distribuidor, etc. [s. n.],
Fecha de publicación, distribución, etc. [1998].
300 ## - DESCRIPCIÓN FÍSICA
Extensión [9 p.] ;
Dimensiones 22 cm.
500 ## - NOTA GENERAL
Nota general Conferencia dictada en el Intituto Dominicano de periodismo (IDP) el día 25 de febrero de 1996
Existencias
Estado de retiro Estado de pérdida No para préstamo Código de colección Localización permanente Ubicación/localización actual Ubicación en estantería Fecha de adquisición Número de inventario Total de préstamos Signatura topográfica completa Código de barras Fecha visto por última vez Precio válido a partir de Tipo de ítem Koha
    Excluido de préstamo Patrimonio Dominicano Patrimonio Dominicano Patrimonio Dominicano En catalogación 13.04.2011 LF1   xxxx N127h 28992-10 25.06.2020 25.06.2020 Libro y Folleto Colección Patrimonio Dominicano

Con tecnología Koha